On This Day: September 23rd Quiz Stats

Quiz Updated Sep 23, 2017

Challenge
Share
Tweet
Embed
Score 0/7 Timer 03:00
1 Play Today
Question Answer Wrong Answers
This American singer-songwriter and guitarist, nicknamed ‘The Boss’, is born.
1949
Bruce Springsteen
92.2%
Eric Clapton
1.5%
Bob Dylan
2%
Billy Joel
1.8%
The first public version of the web browser Mozilla ______ is released.
2002
Firefox
88.2%
Chrome
3.4%
Edge
2%
Netscape
3.7%
The Knickerbockers Baseball Club, the first baseball team to play under modern rules, is founded in ______.
1845
New York
80.2%
Boston
10.3%
Philadelphia
7.4%
Charlotte
1.6%
Lewis and Clark, known for their Corps of ______ Expedition, return to St. Louis after exploring the Pacific Northwest of the United States.
1806
Discovery
67.2%
Adventure
4.6%
Science
3%
Cartography
25.1%
The Kingdom of Hejaz and Nejd is renamed the Kingdom of ______.
1932
Saudi Arabia
66%
Iran
11.8%
Iraq
11.9%
Turkey
7.9%
This novel by French writer Gaston Leroux is first published. Since its publication, it has been successfully adapted into various stage and film adaptations.
1909
The Phantom of the Opera
50.7%
Les Misérables
26.6%
Beauty and the Beast
20.4%
Mamma Mia!
1.1%
This Frenchman becomes the first to fly in an airplane across the Mediterranean, from St. Raphael, France, to Bizerte, Tunisia.
1913
Roland Garros
25.3%
Charles Lindbergh
11.9%
Howard Hughes
2%
Louis Blériot
58.9%

Today's Daily Dose

Missing Word
Anagrams

On This Day
April 23rd II

You're not logged in!

Compare scores with friends on all Sporcle quizzes.
Sign Up with Email
OR
Log In

You Might Also Like...

Show Comments

Extras

Top Quizzes Today


Score Distribution

Your Account Isn't Verified!

In order to create a playlist on Sporcle, you need to verify the email address you used during registration. Go to your Sporcle Settings to finish the process.

Report this User

Report this user for behavior that violates our Community Guidelines.

Details: